Statistics for Football Trivia #1

Click here to take the quiz!

General Stats

  • This quiz has been taken 133 times
  • The average score is 9 of 10

Answer Stats

HintAnswer% Correct
Who won the FIFA World Cup 2018?France
94%
What club did Manchester United sign Cristiano Ronaldo from in 2003?Sporting Lisbon
94%
How many Premier League titles have Manchester United won?13
92%
Which player has the most ballon d'or awards (7)?Lionel Messi
92%
Who won the Champions League in the 2017-18 season?Real Madrid
92%
Which team won the Euro's 2012 tournament?Spain
92%
Which footballer scored 5 goals in 9 minutes in the Bundesliga?Robert Lewandowski
89%
Who is the most expensive footballer in football history (transfer price)?Neymar
87%
Who is the Premier League all time top goalscorer (260 goals)?Alan Shearer
86%
Who scored the fastest Premier League hat-trick (2mins 56secs)?Sadio Mane
75%

Score Distribution

Percentile by Number Answered

Percent of People with Each Score

Your Score History

You have not taken this quiz